000 00503nam a2200181Ia 4500
008 100917s9999 xx 000 0 und d
082 _b37552
100 _aजाधव रा. ग.
245 _aनिळी पहाट
260 _bप्राज्ञ पाठशाळा मंडळ
_c1978
300 _a156
365 _b9
520 _aनिबंध
630 _aनिळी पहाट
650 _aनिबंध
730 _aनिळी पहाट
942 _cBOOK
999 _c642946
_d642943